Countries in Africa-sudden death - Statistics

General Stats
  • This quiz has been taken 100 times
    99 since last reset
  • The average score is 12 of 14
Answers on the Grid
Answers color-coded by a green-red scale on the quiz's grid according to % correct below.
Algeria
Lebanon
Maldives
Morocco
Liberia
Comoros
Seychelles
Saudi Arabia
China
Antigua and barbuda
Barbados
São Tomé
South Africa
Saint lucia
Kiribati
Honduras
Lesotho
Eswatini
Cabo verde
Solomon islands
Greece
Gambia
Eritrea
Yemen
Djibouti
Oman
Qatar
Panama
Rwanda
Brunei
 
Answer Stats
Answer % Correct
Algeria
99%
Morocco
95%
South Africa
92%
Eritrea
90%
Eswatini
90%
Lesotho
90%
Comoros
89%
Djibouti
89%
Liberia
89%
Gambia
88%
Rwanda
88%
Cabo verde
86%
Seychelles
84%
São Tomé
81%
No matching quizzes found
Score Distribution
Percent of People with Each Score
Percentile by Number Answered
Your Score History
You have not taken this quiz since the last reset